000 00690pam a2200265 a 4500
999 _c8470
_d8470
001 8470
003 BD-JhCC
005 20180225090707.0
008 940729s1995 maua 001 0 eng
020 _a0534940382 (acidfree)
035 _a(BD-JhCC)8470
040 _aDLC
_cDLC
_dBD-JhCC
041 _aeng
050 0 0 _aQA152.2
_b.H363 1995
082 0 0 _a512.9
_22
_bLOW 1961
100 1 0 _aLowenstein, LLoyd L.
245 1 0 _aBeginning algebra /
_cLLoyd L. Lowenstein,
250 _a2nd ed.
260 _aBoston ;
_aLondon :
_bPWS,
_c1961.
300 _a279 p. :
_bill. (some col.) ;
_c22 cm.
500 _aIncludes index.
650 0 _aAlgebra.
942 _2ddc
_cBK